Di perle e cicatrici

Gardado en:
Detalles Bibliográficos
Autor Principal: Lemebel, Pedro
Formato: Libro
Idioma:lingua descoñecida ou non válida
Publicado: Edicola
Tags: Engadir etiqueta
Sen Etiquetas, Sexa o primeiro en etiquetar este rexistro!

MARC

LEADER 00000nam a2200000Ia 4500
001 R-1595
003 CODICE-MESSINA
005 20260212120052.0
008 260211s9999 xx 000 0 und d
040 |c importazione_messina 
100 |a Lemebel, Pedro 
245 0 |a Di perle e cicatrici 
260 |b Edicola 
942 |2 ddc  |c BK 
952 |0 0  |1 0  |2 ddc  |4 0  |6 SCAFFALE_15_000000000000000__LGBT_S_R  |7 0  |9 32434  |a ME  |b ME  |d 2026-02-11  |l 0  |o SCAFFALE 15 - LGBT S.R.  |p R-1595  |r 2026-02-11 23:53:11  |w 2026-02-11  |x [REVISIONARE]  |y BK 
999 |c 28101  |d 28101